[Event "CZE-chT2A 1718"]
[Site "Czech Republic"]
[Date "2018.01.28"]
[Round "7.6"]
[White "Fric, Pavel"]
[Black "Markovic, Milan2222"]
[Result "0-1"]
[WhiteElo "2052"]
[BlackElo "2171"]
[PlyCount "70"]
[EventDate "2017.10.15"]
[EventType "team-tourn"]
[EventRounds "11"]
[EventCountry "CZE"]
[SourceTitle "EXT 2022"]
[Source "ChessBase"]
[SourceDate "2021.10.06"]
[SourceVersion "1"]
[SourceVersionDate "2021.10.06"]
[SourceQuality "1"]
[WhiteTeam "Karlovy Vary Tietz"]
[BlackTeam "Praha Vrsovice"]
[WhiteTeamCountry "CZE"]
[BlackTeamCountry "CZE"]

1. d4 Nf6 2. c4 e5 3. dxe5 Ng4 4. e4 Nxe5 5. f4 Nec6 6. Be3 Na6 7. Nc3 Bc5 8. Qd2 d6 9. Nf3 0-0 10. Be2 Re8 11. 0-0 h6 12. a3 Na5 13. Rad1 Nb3 14. Qd3 Bf5 15. Nd2 Nxd2 16. Rxd2 Bxe3+ 17. Qxe3 Nc5 18. Qxc5 dxc5 19. Rxd8 Raxd8 20. exf5 Rd2 21. Bf3 Rxb2 22. f6 c6 23. fxg7 Kxg7 24. Ne4 Rc2 25. Nd6 Re6 26. Nxb7 Rxc4 27. f5 Rf6 28. Bxc6 Rc3 29. Be4 Rxa3 30. Nxc5 Rd6 31. Bf3 a5 32. Ne4 Rd4 33. Rc1 Re3 34. Nc5 a4 35. Nxa4 Rxa4 0-1

[Event "CZE-chT1W 1415"]
[Site "Czech Republic"]
[Date "2014.11.11"]
[Round "2.8"]
[White "Fric, Pavel"]
[Black "Smid, Miroslav"]
[Result "1-0"]
[WhiteElo "2038"]
[BlackElo "2235"]
[PlyCount "97"]
[EventDate "2014.10.19"]
[EventType "team-tourn"]
[EventRounds "11"]
[EventCountry "CZE"]
[SourceTitle "EXT 2015"]
[Source "ChessBase"]
[SourceDate "2014.11.20"]
[SourceVersion "1"]
[SourceVersionDate "2014.11.20"]
[SourceQuality "1"]
[WhiteTeam "Karlovy Vary"]
[BlackTeam "Praha Bohemians"]
[WhiteTeamCountry "CZE"]
[BlackTeamCountry "CZE"]

1. d4 d5 2. c4 e6 3. Nc3 Nf6 4. cxd5 exd5 5. Bg5 c6 6. e3 Be7 7. Bd3 Nbd7 8. Qc2 0-0 9. Nge2 Re8 10. 0-0 Nf8 11. a3 Bg4 12. b4 a6 13. Rab1 Bh5 14. Ng3 Bg6 15. Nf5 Bxf5 16. Bxf5 Ne4 17. Nxe4 Bxg5 18. Nc5 Qe7 19. Rfe1 g6 20. Bd3 f5 21. a4 Qf7 22. g3 Ne6 23. Nxe6 Rxe6 24. b5 axb5 25. axb5 Rd8 26. bxc6 bxc6 27. Rb6 f4 28. e4 fxg3 29. hxg3 Qc7 30. Reb1 Be3 31. Kg2 Bxd4 32. exd5 Rf6 33. Rxc6 Qf7 34. Rxf6 Qxf6 35. Qe2 Rf8 36. Qe6+ Qxe6 37. dxe6 Rxf2+ 38. Kh3 Bc5 39. Rb7 Rf6 40. e7 Bxe7 41. Rxe7 Rd6 42. Bc4+ Kh8 43. Rc7 Rd4 44. Bb3 Rd6 45. Kg4 Rd3 46. Bc4 Re3 47. Kf4 Rc3 48. g4 h5 49. Kg5 1-0

[Event "CZE-chT1W 1415"]
[Site "Czech Republic"]
[Date "2014.10.19"]
[Round "1.5"]
[White "Fric, Pavel"]
[Black "Fajman, Petr"]
[Result "1-0"]
[WhiteElo "2038"]
[BlackElo "2269"]
[PlyCount "121"]
[EventDate "2014.10.19"]
[EventType "team-tourn"]
[EventRounds "11"]
[EventCountry "CZE"]
[SourceTitle "EXT 2015"]
[Source "ChessBase"]
[SourceDate "2014.11.20"]
[SourceVersion "1"]
[SourceVersionDate "2014.11.20"]
[SourceQuality "1"]
[WhiteTeam "Karlovy Vary"]
[BlackTeam "Jicin"]
[WhiteTeamCountry "CZE"]
[BlackTeamCountry "CZE"]

1. d4 Nf6 2. c4 e6 3. Nc3 Bb4 4. Qc2 Nc6 5. Nf3 d5 6. e3 0-0 7. Bd3 Re8 8. 0-0 h6 9. a3 Bf8 10. b4 dxc4 11. Bxc4 Nd5 12. Bb2 Nce7 13. Ne2 g6 14. Rac1 c6 15. Rfd1 Bg7 16. Bb3 a5 17. e4 Nf6 18. Ne5 axb4 19. axb4 Qb6 20. Nc4 Qd8 21. Ra1 Rxa1 22. Rxa1 b5 23. Na5 Qb6 24. Rc1 Bd7 25. h3 Qb8 26. Bc3 Nh5 27. Qd2 Rd8 28. Qe3 Be8 29. g3 Nf6 30. Qf3 Nh7 31. h4 Nf8 32. Rd1 Nd7 33. Nf4 Nf8 34. Qe3 Qb6 35. Bc2 Nd7 36. Bb3 Nf8 37. Kh2 Qc7 38. Ne2 Kh7 39. Bc2 Kg8 40. Nb3 Nd7 41. Nc5 Nxc5 42. dxc5 Rxd1 43. Bxd1 Qd7 44. Bb3 e5 45. Kg2 Kf8 46. f4 exf4 47. Bxg7+ Kxg7 48. Nxf4 Kh7 49. Nd3 f5 50. Ne5 Qd8 51. h5 gxh5 52. exf5 Ng8 53. Bxg8+ Kxg8 54. Nf3 Kh7 55. Qe6 h4 56. Nxh4 Qd2+ 57. Kh3 Bh5 58. Qe7+ Kh8 59. Ng6+ Kg8 60. Qf8+ Kh7 61. Qh8# 1-0

[Event "CZE-chT1W 1314"]
[Site "Czech Republic"]
[Date "2014.04.13"]
[Round "11.7"]
[White "Kukel, Imre1111"]
[Black "Fric, Pavel"]
[Result "1-0"]
[WhiteElo "2249"]
[BlackElo "2031"]
[PlyCount "137"]
[EventDate "2013.10.20"]
[EventType "team-tourn"]
[EventRounds "11"]
[EventCountry "CZE"]
[SourceTitle "EXT 2015"]
[Source "ChessBase"]
[SourceDate "2014.11.20"]
[SourceVersion "1"]
[SourceVersionDate "2014.11.20"]
[SourceQuality "1"]
[WhiteTeam "Praha Bohemians"]
[BlackTeam "Karlovy Vary"]
[WhiteTeamCountry "CZE"]
[BlackTeamCountry "CZE"]

1. e4 c5 2. Nf3 d6 3. d4 cxd4 4. Nxd4 Nf6 5. Nc3 a6 6. f3 e5 7. Nb3 Be6 8. Be3 Be7 9. Qd2 0-0 10. 0-0-0 Qc7 11. g4 b5 12. g5 Nh5 13. Kb1 Nd7 14. h4 Nb6 15. Na5 b4 16. Nd5 Nxd5 17. exd5 Qxa5 18. dxe6 fxe6 19. Bh3 Nf4 20. Bxf4 Rxf4 21. Bxe6+ Kh8 22. Qg2 Qc5 23. Qh3 Raf8 24. Bd5 Qa7 25. Be4 a5 26. Rd5 a4 27. Rb5 Qd4 28. Rd5 Qf2 29. Rdd1 b3 30. axb3 axb3 31. cxb3 Qe3 32. Bd5 Bd8 33. Qe6 Bb6 34. Qxd6 Bd4 35. Qc6 Rd8 36. Rh2 Rff8 37. Rc2 Qf4 38. Rh1 Qe3 39. b4 Rb8 40. Qc4 Qf4 41. b5 Qf5 42. Be4 Qd7 43. Qc6 Qe7 44. Bd3 Qf7 45. Qe4 g6 46. Rc4 Ra8 47. Qc6 Qa7 48. Kc2 Qa2 49. Rb1 Qa5 50. Be4 Rad8 51. Qa6 Bb6 52. Qxa5 Bxa5 53. Rd1 Rxd1 54. Kxd1 Bb6 55. Kc2 Kg7 56. Rc6 Rb8 57. Re6 Bd4 58. Bc6 Kf7 59. Rd6 Bc5 60. Rd5 Be7 61. Rxe5 Bd6 62. Re4 Bc5 63. Kb3 Kg7 64. Kc4 Bf2 65. b4 h6 66. Re7+ Kh8 67. h5 gxh5 68. g6 h4 69. Bd5 1-0

[Event "CZE-chT1W 1314"]
[Site "Czech Republic"]
[Date "2014.02.23"]
[Round "8.7"]
[White "Fric, Pavel"]
[Black "Polak, Benedikt"]
[Result "1/2-1/2"]
[WhiteElo "2031"]
[BlackElo "2195"]
[PlyCount "106"]
[EventDate "2013.10.20"]
[EventType "team-tourn"]
[EventRounds "11"]
[EventCountry "CZE"]
[SourceTitle "EXT 2015"]
[Source "ChessBase"]
[SourceDate "2014.11.20"]
[SourceVersion "1"]
[SourceVersionDate "2014.11.20"]
[SourceQuality "1"]
[WhiteTeam "Karlovy Vary"]
[BlackTeam "Turnov Zikuda II"]
[WhiteTeamCountry "CZE"]
[BlackTeamCountry "CZE"]

1. d4 Nf6 2. c4 e6 3. Nc3 Bb4 4. Qc2 0-0 5. Bg5 d6 6. e3 h6 7. Bh4 b6 8. Bd3 Bb7 9. f3 c5 10. Nge2 Nbd7 11. 0-0-0 cxd4 12. exd4 Rc8 13. Kb1 d5 14. cxd5 Bxd5 15. Qa4 Be7 16. Ba6 b5 17. Bxb5 Nb6 18. Qa5 Bc4 19. Bg3 Bxb5 20. Nxb5 Qd5 21. Nec3 Qf5+ 22. Ka1 Nc4 23. Qa4 Ne3 24. Rd2 a6 25. Na7 Rc4 26. Qxa6 Rxd4 27. Nc6 Rd7 28. Nxe7+ Rxe7 29. Qd3 Qxd3 30. Rxd3 Nf5 31. Bf2 Rb7 32. Rhd1 h5 33. Rd8 Rxd8 34. Rxd8+ Kh7 35. a4 Ne7 36. Bh4 Nc6 37. Rd6 Na5 38. Bxf6 gxf6 39. Nb5 Nc4 40. Rc6 Ne3 41. Rc7 Rb8 42. Rxf7+ Kg6 43. Rc7 Nxg2 44. Rc4 Ne1 45. Rc3 e5 46. Ka2 Kf5 47. Nc7 e4 48. fxe4+ Kxe4 49. Rc4+ Kf3 50. a5 Nd3 51. b3 f5 52. Ka3 f4 53. Nd5 Rb5 1/2-1/2

[Event "CZE-chT1W 1314"]
[Site "Czech Republic"]
[Date "2014.01.26"]
[Round "6.5"]
[White "Fric, Pavel"]
[Black "Kaderabek, Jiri"]
[Result "1-0"]
[WhiteElo "2031"]
[BlackElo "2173"]
[PlyCount "71"]
[EventDate "2013.10.20"]
[EventType "team-tourn"]
[EventRounds "11"]
[EventCountry "CZE"]
[SourceTitle "EXT 2015"]
[Source "ChessBase"]
[SourceDate "2014.11.20"]
[SourceVersion "1"]
[SourceVersionDate "2014.11.20"]
[SourceQuality "1"]
[WhiteTeam "Karlovy Vary"]
[BlackTeam "Jicin"]
[WhiteTeamCountry "CZE"]
[BlackTeamCountry "CZE"]

1. d4 d5 2. c4 c6 3. Nc3 Nf6 4. Nf3 a6 5. cxd5 cxd5 6. Bf4 Nc6 7. e3 Bg4 8. Be2 e6 9. 0-0 Bd6 10. Bg5 0-0 11. h3 Bh5 12. Rc1 h6 13. Bh4 g5 14. Bg3 Bxg3 15. fxg3 Qd6 16. g4 Bg6 17. Nxg5 Nxg4 18. Bxg4 hxg5 19. Rf6 Qg3 20. Qd2 Kg7 21. Rcf1 Ne7 22. e4 Qh4 23. exd5 Nxd5 24. Nxd5 exd5 25. Qe3 Rae8 26. Qf3 Re1 27. g3 Rxf1+ 28. Kxf1 Qh7 29. Rd6 Kg8 30. Qxd5 Qg7 31. Kg1 Bd3 32. Bf5 Bxf5 33. Qxf5 Re8 34. Kf2 Kf8 35. Rd7 Re6 36. Qxe6 1-0

[Event "CZE-chT2A 1213"]
[Site "Czech Republic"]
[Date "2013.03.03"]
[Round "10.8"]
[White "Wolf, Vilem"]
[Black "Fric, Pavel"]
[Result "1-0"]
[WhiteElo "2018"]
[BlackElo "2039"]
[PlyCount "119"]
[EventDate "2012.10.14"]
[EventType "team-tourn"]
[EventRounds "11"]
[EventCountry "CZE"]
[SourceTitle "EXT 2015"]
[Source "ChessBase"]
[SourceDate "2014.11.20"]
[SourceVersion "1"]
[SourceVersionDate "2014.11.20"]
[SourceQuality "1"]
[WhiteTeam "Kozolupy"]
[BlackTeam "Karlovy Vary"]
[WhiteTeamCountry "CZE"]
[BlackTeamCountry "CZE"]

1. e4 c5 2. Nf3 d6 3. Bb5+ Nd7 4. 0-0 g6 5. d4 cxd4 6. Qxd4 Ngf6 7. e5 dxe5 8. Nxe5 a6 9. Bxd7+ Bxd7 10. Nc3 Be6 11. Qb4 Qc8 12. Be3 Bg7 13. Rfd1 Nh5 14. Nd5 Bxd5 15. Rxd5 Qe6 16. Qxb7 0-0 17. Nd7 Nf6 18. Nxf6+ Bxf6 19. Bh6 Rfb8 20. Rad1 Qe1+ 21. Rxe1 Rxb7 22. b3 e6 23. Rd3 Rb5 24. c4 Rc5 25. Be3 Rc6 26. Red1 Rac8 27. Kf1 h5 28. Rd7 Be5 29. g3 R8c7 30. Rd8+ Kg7 31. Ra8 Kf6 32. h4 Bc3 33. Rd3 Bb4 34. Bg5+ Kf5 35. Rad8 Be7 36. Rf3+ Ke4 37. Re3+ Kf5 38. Bxe7 Rxe7 39. Rd4 Kf6 40. Ke2 Rec7 41. Kd2 a5 42. Kc3 Rc5 43. a3 Rf5 44. f3 g5 45. b4 axb4+ 46. axb4 gxh4 47. gxh4 e5 48. Rde4 Ke6 49. f4 f6 50. b5 Kd6 51. Rd3+ Ke6 52. fxe5 fxe5 53. Rd5 Rd7 54. Rxd7 Kxd7 55. c5 Ke6 56. Kc4 Rf1 57. c6 Kd6 58. Kd3 Kd5 59. c7 Rc1 60. b6 1-0

[Event "CZE-chT2A 1213"]
[Site "Czech Republic"]
[Date "2012.11.18"]
[Round "3.6"]
[White "Fric, Pavel"]
[Black "Tuzil, Vitezslav"]
[Result "1/2-1/2"]
[WhiteElo "2039"]
[BlackElo "2037"]
[PlyCount "73"]
[EventDate "2012.10.14"]
[EventType "team-tourn"]
[EventRounds "11"]
[EventCountry "CZE"]
[SourceTitle "EXT 2015"]
[Source "ChessBase"]
[SourceDate "2014.11.20"]
[SourceVersion "1"]
[SourceVersionDate "2014.11.20"]
[SourceQuality "1"]
[WhiteTeam "Karlovy Vary"]
[BlackTeam "Plzen Sokol"]
[WhiteTeamCountry "CZE"]
[BlackTeamCountry "CZE"]

1. d4 d5 2. c4 e6 3. Nf3 Nf6 4. Nc3 Be7 5. e3 0-0 6. Bd3 c5 7. a3 a6 8. 0-0 dxc4 9. Bxc4 b5 10. Bd3 Nc6 11. dxc5 Bxc5 12. Qc2 Qb6 13. Ne4 Be7 14. Nxf6+ Bxf6 15. Bxh7+ Kh8 16. Be4 Bb7 17. Bd2 Rac8 18. Bc3 Ne7 19. Bxb7 Qxb7 20. Qb3 Bxc3 21. bxc3 Nd5 22. Rfc1 Rc5 23. c4 Rfc8 24. Qb2 Rxc4 25. Rxc4 Rxc4 26. h3 Qc7 27. Nd4 Nf6 28. Rd1 Ne4 29. Qe2 g6 30. Qf3 Rc1 31. Rxc1 Qxc1+ 32. Kh2 Nd2 33. Qf6+ Kg8 34. Qd8+ Kg7 35. Nxe6+ fxe6 36. Qe7+ Kh6 37. Qh4+ 1/2-1/2